Catalog

Record Details

Catalog Search



Available copies

  • 2 of 2 copies available at LARL/NWRL Consortium.
  • 2 of 2 copies available at Lake Agassiz Regional Library. (Show preferred library)

Current holds

0 current holds with 2 total copies.

Show Only Available Copies
Location Call Number / Copy Notes Barcode Shelving Location Status Due Date
Crookston Public Library Y MEA (Text) 33500011824828 Main Available -
Moorhead Public Library Y MEA (Text) 33500011824836 Main Available -

Record details

  • ISBN: 9780062060815
  • ISBN: 0062060813
  • Physical Description: 419 pages ; 22 cm.
  • Edition: First edition.
  • Publisher: New York, NY : Katherine Tegen Books, an imprint of HarperCollinsPublishers, 2014

Content descriptions

General Note:
Series statement from page 1 of dust jacket.
Summary, etc.:
"The stunning conclusion to the Incarnate trilogy, ... Read More
Subject: Reincarnation > Juvenile fiction.
Identity (Philosophical concept) > Juvenile fiction.
Reincarnation > Fiction.
Identity > Fiction.
Fantasy.
Genre: Fantasy fiction.
LDR 02049cam a2200433Ii 4500
001163601
003LARL_NWRL_CONSORTIUM
00520140312092650.0
008130621s2014 nyu d 000 1 eng d
019 . ‡a864532322
020 . ‡a9780062060815
020 . ‡a0062060813
035 . ‡a(OCoLC)849787220 ‡z(OCoLC)864532322
08204. ‡a[Fic] ‡223
1001 . ‡aMeadows, Jodi, ‡eauthor. ‡0(LARL_NWRL_CONSORTIUM)221057
24510. ‡aInfinite ‡n#3 / ‡cJodi Meadows.
250 . ‡aFirst edition.
260 . ‡aNew York, NY : ‡bKatherine Tegen Books, an imprint of HarperCollinsPublishers, ‡c2014
300 . ‡a419 pages ; ‡c22 cm.
336 . ‡atext ‡2rdacontent
337 . ‡aunmediated ‡2rdamedia
338 . ‡avolume ‡2rdacarrier
4900 . ‡aNewsoul; ‡v3
500 . ‡aSeries statement from page 1 of dust jacket.
520 . ‡a"The stunning conclusion to the Incarnate trilogy, a fantasy series about a girl who is the first new soul born into a society where everyone else has been reborn hundreds of times. Ana knows that soon life in Heart will be at risk so she escapes with her friends, seeking answers and allies to stop Janan's ascension and keep the other Newsouls safe. But only she knows the true cost of reincarnation and the dangers she'll encounter if she returns to stop him once and for all" -- ‡cfrom publisher's web site.
650 0. ‡aReincarnation ‡vJuvenile fiction.
650 0. ‡aIdentity (Philosophical concept) ‡vJuvenile fiction.
650 1. ‡aReincarnation ‡vFiction. ‡0(LARL_NWRL_CONSORTIUM)167094
650 1. ‡aIdentity ‡vFiction.
650 1. ‡aFantasy. ‡0(LARL_NWRL_CONSORTIUM)19981
655 7. ‡aFantasy fiction. ‡2gsafd
901 . ‡a163601 ‡bOCLC ‡c163601 ‡tbiblio

Additional Resources